| 000 | 00852 a2200205 4500 | ||
|---|---|---|---|
| 020 | _a0821806092 | ||
| 020 | _a9780821806098 | ||
| 082 | _a515.7223 | ||
| 090 |
_c1230 _d1230 |
||
| 100 | _aBailey, T. N. | ||
| 245 | 1 | 0 |
_aRepresentation theory and automorphic forms : _binstructional conference, international centre for mathematical sciences, march 1996, edinburgh, scotland / _cT. N. Bailey, Anthony W. Knapp. |
| 260 |
_a[S.l.] : _bAmer Mathematical Society, _c1997. |
||
| 300 |
_a479 p. ; _c28 cm. |
||
| 490 | 1 | _aProceedings of symposia in pure mathematics. | |
| 700 | 1 | _aBailey, T. N. | |
| 700 | 1 | _aKnapp, Anthony W. | |
| 830 | 0 | _aProceedings of symposia in pure mathematics. | |
| 942 |
_aSNS _cBK _k515.7223 BAI |
||
| 999 |
_c29843 _d29843 |
||